Geography Quiz

Random Geography or Flags Quiz

Flagpole Fakers Quiz Stats

 Plays Quiz Updated Feb 13, 2019

Support Sporcle.
Go Orange.
Score 0/18 Timer 05:00
30 Plays Today
% Correct
A (Switzerland)
89.9%
B (Denmark)
89.4%
C (Ghana)
75%
D (Indonesia)
74.1%
D (Bangladesh)
70.2%
A (Lithuania)
69.8%
C (China)
69.7%
D (Uganda)
62.8%
B (Spain)
62.4%
% Correct
A (Bhutan)
62.3%
D (Colombia)
61.4%
C (Somalia)
57.6%
B (New Zealand)
52%
B (Bolivia)
51.8%
C (Panama)
51.1%
A (Cuba)
49.3%
C (North Macedonia)
49%
D (Saudi Arabia)
39.3%

From the Vault

The Hunger Games First Names

by keylimerose27

It's a good idea to be on a first name basis with your favorite citizens of Panem.
Remove Ads.
Support Sporcle.
Get the best of Sporcle when you Go Orange. This ad-free experience offers more features, more stats, and more fun while also helping to support Sporcle. Thank you for becoming a member.

Show Comments

Extras

Top Quizzes Today


Score Distribution

Your Account Isn't Verified!

In order to create a playlist on Sporcle, you need to verify the email address you used during registration. Go to your Sporcle Settings to finish the process.

Report this User

Report this user for behavior that violates our Community Guidelines.

Details: